|
|
|
|
| LEADER |
00000nam a2200000 a 4500 |
| 001 |
vtls011706752 |
| 003 |
SK-MaSNL |
| 005 |
20260301095427.0 |
| 008 |
200507s2004 xxkhoga 000 0 eng |
| 015 |
|
|
|a SNBZSA2017/09
|
| 020 |
|
|
|a 1904303374
|q (viazané)
|
| 035 |
|
|
|a urn:nbn:sk:snk-am00e0gk
|
| 035 |
|
|
|a urn:nbn:sk:snk-am3iait
|
| 035 |
|
|
|a CBF40BB4-A48E-4608-9979-013D6316BEF0
|
| 040 |
|
|
|a SNK
|b slo
|c SNK
|e AACR2
|
| 041 |
0 |
|
|a eng
|a ger
|b ger
|
| 044 |
|
|
|a xxk
|c GB
|
| 072 |
|
7 |
|a 78.01
|x Muzikológia. Dejiny hudby
|2 konspekt
|
| 072 |
|
7 |
|a 78
|2 2011
|
| 080 |
|
|
|a 78
|2 2011
|
| 080 |
|
|
|a 78.031.4
|2 2011
|
| 080 |
|
|
|a 316.022.4
|2 2011
|
| 080 |
|
|
|a 316.347
|2 2011
|
| 080 |
|
|
|a (062.534)
|2 2011
|
| 245 |
0 |
0 |
|a Manifold identities
|b studies on music and minorities
|c edited by Ursula Hemetek ... [et al.]
|
| 246 |
3 |
0 |
|a Studies on music and minorities
|
| 250 |
|
|
|a 1st published
|
| 260 |
|
|
|a London
|b Cambridge Scholars Press
|c 2004
|
| 300 |
|
|
|a 353 s.
|b faksim., fotogr., ilustr., noty
|c 22 cm
|e 1 CD
|
| 504 |
|
|
|a Bibliogr. ; bibliogr. odkazy
|
| 546 |
|
|
|a Text aj v nem. jazyku ; resumé v nem. jazyku
|
| 650 |
0 |
7 |
|a etnomuzikológia
|2 SNKPH
|9 64259
|
| 650 |
0 |
7 |
|a Ethnomusicology
|2 SNKPHeng
|9 329463
|
| 650 |
0 |
7 |
|a ľudová hudba
|2 SNKPH
|9 3183
|
| 650 |
0 |
7 |
|a Folk music
|2 SNKPHeng
|9 90462
|
| 650 |
0 |
7 |
|a menšiny
|2 SNKPH
|9 2681
|
| 650 |
0 |
7 |
|a Minorities
|2 SNKPHeng
|9 273197
|
| 650 |
0 |
7 |
|a etnicita
|2 SNKPH
|9 4899
|
| 650 |
0 |
7 |
|a Ethnicity
|2 SNKPHeng
|9 268216
|
| 650 |
0 |
7 |
|a hudba
|2 SNKPH
|9 1063
|
| 650 |
0 |
7 |
|a Music
|2 SNKPHeng
|9 265352
|
| 655 |
|
7 |
|a zborníky konferencií
|2 SNKPH
|9 70153
|
| 655 |
|
7 |
|a Proceedings of conferences
|2 SNKPHeng
|9 265791
|
| 700 |
1 |
|
|a Hemetek, Ursula
|4 edt
|9 430765
|
| 700 |
1 |
|
|a Lechleitner, Gerda
|4 edt
|9 430766
|
| 700 |
1 |
|
|a Naroditskaya, Inna
|4 edt
|9 430767
|
| 700 |
1 |
|
|a Czekanowska, Anna
|4 edt
|9 430768
|
| 919 |
|
|
|a 1-904303-37-4
|
| 958 |
|
|
|a ZS
|
| 958 |
|
|
|a NB
|
| 999 |
|
|
|c 683081
|d 685011
|
| 952 |
|
|
|a SNK
|b SNK
|y PREZ
|7 0
|p 17A1270396
|o snkSC 175909
|i snk2017/18461
|8 3
|g 55.63
|z 1 CD
|0 0
|1 0
|4 0
|d 2017-08-14
|f 1
|l 0
|r 2025-09-17 00:00:00
|w 2026-02-23
|
| 952 |
|
|
|a SNK
|b SNK
|y PREZ
|7 0
|p 17A1270480
|o snkSC 175909/príl.
|i snk2017/18461
|8 3
|3 1 CD
|z 1 CD
|0 0
|1 0
|4 0
|d 2017-08-14
|f 2
|l 0
|r 2025-09-17 00:00:00
|w 2026-02-23
|